000
00315nam a22001337a 4500
008
180302b xxu||||| |||| 00| 0 eng d
020
_a
9789989277528
041
_a
eng
080
_a
612.39
100
_a
10
101
_a
SHU
245
_a
Hyrje ne Teknologjine Ushqimore
_c
Danev, M & Xhabiri, G
942
_2
udc
_c
BK
999
_c
43907
_d
43907